<?xml version="1.0" encoding="UTF-8"?>
<collection xmlns="http://www.loc.gov/MARC21/slim">
 <record>
  <leader>05401nas a2200589   4500</leader>
  <controlfield tag="001">1/50477</controlfield>
  <controlfield tag="008">090409s20069999gr mr p       0   g0gre d</controlfield>
  <datafield tag="035" ind1=" " ind2=" ">
   <subfield code="l">40134</subfield>
  </datafield>
  <datafield tag="040" ind1=" " ind2=" ">
   <subfield code="a">GR-PeUP</subfield>
  </datafield>
  <datafield tag="090" ind1=" " ind2=" ">
   <subfield code="a">Αλφαβητική σειρά</subfield>
  </datafield>
  <datafield tag="245" ind1="0" ind2="2">
   <subfield code="a">Η Ευρώπη στη ζωή μας :</subfield>
   <subfield code="b">μηνιαία επιθεώρηση του &quot;ευρωπαϊκού γίγνεσθαι&quot;.</subfield>
  </datafield>
  <datafield tag="260" ind1=" " ind2=" ">
   <subfield code="a">Ναύπλιο :</subfield>
   <subfield code="b">Μιχάλης Καζάς,</subfield>
   <subfield code="c">2006.</subfield>
  </datafield>
  <datafield tag="300" ind1=" " ind2=" ">
   <subfield code="a">τ. :</subfield>
   <subfield code="b">εικ. ;</subfield>
   <subfield code="c">24 εκ.</subfield>
  </datafield>
  <datafield tag="310" ind1=" " ind2=" ">
   <subfield code="a">Μηνιαίο</subfield>
  </datafield>
  <datafield tag="362" ind1="0" ind2=" ">
   <subfield code="a">Τχ. 14 (Φεβ. 2008)-</subfield>
  </datafield>
  <datafield tag="546" ind1=" " ind2=" ">
   <subfield code="a">Ελληνική</subfield>
  </datafield>
  <datafield tag="610" ind1="2" ind2="0">
   <subfield code="a">Ευρωπαϊκή Ένωση</subfield>
   <subfield code="v">Περιοδικά.</subfield>
  </datafield>
  <datafield tag="650" ind1=" " ind2="4">
   <subfield code="a">Ευρωπαική Ένωση, Χώρες της</subfield>
   <subfield code="x">Διεθνείς σχέσεις</subfield>
   <subfield code="v">Περιοδικά.</subfield>
  </datafield>
  <datafield tag="852" ind1=" " ind2=" ">
   <subfield code="a">INST</subfield>
   <subfield code="b">UNIPILB</subfield>
   <subfield code="c">SERIALS</subfield>
   <subfield code="e">20090513</subfield>
   <subfield code="h">Αλφαβητική σειρά</subfield>
   <subfield code="p">64061</subfield>
   <subfield code="q">64061</subfield>
   <subfield code="t">NOLOAN</subfield>
   <subfield code="v">τεύχ.14:(Μήνας)Φεβρουάριος;(Έτος)2008</subfield>
   <subfield code="y">23</subfield>
  </datafield>
  <datafield tag="852" ind1=" " ind2=" ">
   <subfield code="a">INST</subfield>
   <subfield code="b">UNIPILB</subfield>
   <subfield code="c">SERIALS</subfield>
   <subfield code="e">20090513</subfield>
   <subfield code="h">Αλφαβητική σειρά</subfield>
   <subfield code="p">64062</subfield>
   <subfield code="q">64062</subfield>
   <subfield code="t">NOLOAN</subfield>
   <subfield code="v">τεύχ.15:(Μήνας)Μάρτιος;(Έτος)2008</subfield>
   <subfield code="y">23</subfield>
  </datafield>
  <datafield tag="852" ind1=" " ind2=" ">
   <subfield code="a">INST</subfield>
   <subfield code="b">UNIPILB</subfield>
   <subfield code="c">SERIALS</subfield>
   <subfield code="e">20090513</subfield>
   <subfield code="h">Αλφαβητική σειρά</subfield>
   <subfield code="p">64063</subfield>
   <subfield code="q">64063</subfield>
   <subfield code="t">NOLOAN</subfield>
   <subfield code="v">τεύχ.16:(Μήνας)Απρίλιος;(Έτος)2008</subfield>
   <subfield code="y">23</subfield>
  </datafield>
  <datafield tag="852" ind1=" " ind2=" ">
   <subfield code="a">INST</subfield>
   <subfield code="b">UNIPILB</subfield>
   <subfield code="c">SERIALS</subfield>
   <subfield code="e">20090513</subfield>
   <subfield code="h">Αλφαβητική σειρά</subfield>
   <subfield code="p">64064</subfield>
   <subfield code="q">64064</subfield>
   <subfield code="t">NOLOAN</subfield>
   <subfield code="v">τεύχ.17:(Μήνας)Μάιος;(Έτος)2008</subfield>
   <subfield code="y">23</subfield>
  </datafield>
  <datafield tag="852" ind1=" " ind2=" ">
   <subfield code="a">INST</subfield>
   <subfield code="b">UNIPILB</subfield>
   <subfield code="c">SERIALS</subfield>
   <subfield code="e">20090513</subfield>
   <subfield code="h">Αλφαβητική σειρά</subfield>
   <subfield code="p">64065</subfield>
   <subfield code="q">64065</subfield>
   <subfield code="t">NOLOAN</subfield>
   <subfield code="v">τεύχ.18:(Μήνας)Ιούνιος;(Έτος)2008</subfield>
   <subfield code="y">23</subfield>
  </datafield>
  <datafield tag="852" ind1=" " ind2=" ">
   <subfield code="a">INST</subfield>
   <subfield code="b">UNIPILB</subfield>
   <subfield code="c">SERIALS</subfield>
   <subfield code="e">20090513</subfield>
   <subfield code="h">Αλφαβητική σειρά</subfield>
   <subfield code="p">64066</subfield>
   <subfield code="q">64066</subfield>
   <subfield code="t">NOLOAN</subfield>
   <subfield code="v">τεύχ.19:(Μήνας)Ιούλιος;(Έτος)2008</subfield>
   <subfield code="y">23</subfield>
  </datafield>
  <datafield tag="852" ind1=" " ind2=" ">
   <subfield code="a">INST</subfield>
   <subfield code="b">UNIPILB</subfield>
   <subfield code="c">SERIALS</subfield>
   <subfield code="e">20090513</subfield>
   <subfield code="h">Αλφαβητική σειρά</subfield>
   <subfield code="p">64067</subfield>
   <subfield code="q">64067</subfield>
   <subfield code="t">NOLOAN</subfield>
   <subfield code="v">τεύχ.20:(Μήνας)Σεπτέμβριος;(Έτος)2008</subfield>
   <subfield code="y">23</subfield>
  </datafield>
  <datafield tag="852" ind1=" " ind2=" ">
   <subfield code="a">INST</subfield>
   <subfield code="b">UNIPILB</subfield>
   <subfield code="c">SERIALS</subfield>
   <subfield code="e">20090513</subfield>
   <subfield code="h">Αλφαβητική σειρά</subfield>
   <subfield code="p">64068</subfield>
   <subfield code="q">64068</subfield>
   <subfield code="t">NOLOAN</subfield>
   <subfield code="v">τεύχ.21:(Μήνας)Οκτώβριος;(Έτος)2008</subfield>
   <subfield code="y">23</subfield>
  </datafield>
  <datafield tag="852" ind1=" " ind2=" ">
   <subfield code="a">INST</subfield>
   <subfield code="b">UNIPILB</subfield>
   <subfield code="c">SERIALS</subfield>
   <subfield code="e">20090513</subfield>
   <subfield code="h">Αλφαβητική σειρά</subfield>
   <subfield code="p">64069</subfield>
   <subfield code="q">64069</subfield>
   <subfield code="t">NOLOAN</subfield>
   <subfield code="v">τεύχ.22:(Μήνας)Νοέμβριος;(Έτος)2008</subfield>
   <subfield code="y">23</subfield>
  </datafield>
  <datafield tag="852" ind1=" " ind2=" ">
   <subfield code="a">INST</subfield>
   <subfield code="b">UNIPILB</subfield>
   <subfield code="c">SERIALS</subfield>
   <subfield code="e">20090513</subfield>
   <subfield code="h">Αλφαβητική σειρά</subfield>
   <subfield code="p">64070</subfield>
   <subfield code="q">64070</subfield>
   <subfield code="t">NOLOAN</subfield>
   <subfield code="v">τεύχ.24:(Μήνας)Ιανουάριος;(Έτος)2009</subfield>
   <subfield code="y">23</subfield>
  </datafield>
  <datafield tag="852" ind1=" " ind2=" ">
   <subfield code="a">INST</subfield>
   <subfield code="b">UNIPILB</subfield>
   <subfield code="c">SERIALS</subfield>
   <subfield code="e">20090513</subfield>
   <subfield code="h">Αλφαβητική σειρά</subfield>
   <subfield code="p">64071</subfield>
   <subfield code="q">64071</subfield>
   <subfield code="t">NOLOAN</subfield>
   <subfield code="v">τεύχ.25:(Μήνας)Φεβρουάριος;(Έτος)2009</subfield>
   <subfield code="y">23</subfield>
  </datafield>
  <datafield tag="852" ind1=" " ind2=" ">
   <subfield code="a">INST</subfield>
   <subfield code="b">UNIPILB</subfield>
   <subfield code="c">SERIALS</subfield>
   <subfield code="e">20090513</subfield>
   <subfield code="h">Αλφαβητική σειρά</subfield>
   <subfield code="p">64072</subfield>
   <subfield code="q">64072</subfield>
   <subfield code="t">NOLOAN</subfield>
   <subfield code="v">τεύχ.26:(Μήνας)Μάρτιος;(Έτος)2009</subfield>
   <subfield code="y">23</subfield>
  </datafield>
  <datafield tag="852" ind1=" " ind2=" ">
   <subfield code="a">INST</subfield>
   <subfield code="b">UNIPILB</subfield>
   <subfield code="c">SERIALS</subfield>
   <subfield code="e">20090513</subfield>
   <subfield code="h">Αλφαβητική σειρά</subfield>
   <subfield code="p">64073</subfield>
   <subfield code="q">64073</subfield>
   <subfield code="t">NOLOAN</subfield>
   <subfield code="v">τεύχ.27:(Μήνας)Απρίλιος;(Έτος)2009</subfield>
   <subfield code="y">23</subfield>
  </datafield>
  <datafield tag="852" ind1=" " ind2=" ">
   <subfield code="a">INST</subfield>
   <subfield code="b">UNIPILB</subfield>
   <subfield code="c">SERIALS</subfield>
   <subfield code="e">20090513</subfield>
   <subfield code="h">Αλφαβητική σειρά</subfield>
   <subfield code="p">64074</subfield>
   <subfield code="q">64074</subfield>
   <subfield code="t">NOLOAN</subfield>
   <subfield code="v">τεύχ.23:(Μήνας)Δεκέμβριος;(Έτος)2008</subfield>
   <subfield code="y">23</subfield>
  </datafield>
  <datafield tag="852" ind1=" " ind2=" ">
   <subfield code="a">INST</subfield>
   <subfield code="b">UNIPILB</subfield>
   <subfield code="c">SERIALS</subfield>
   <subfield code="e">20090612</subfield>
   <subfield code="h">Αλφαβητική σειρά</subfield>
   <subfield code="p">64199</subfield>
   <subfield code="q">64199</subfield>
   <subfield code="t">NOLOAN</subfield>
   <subfield code="v">τεύχ.28:(Μήνας)Μάιος;(Έτος)2009</subfield>
   <subfield code="y">23</subfield>
  </datafield>
  <datafield tag="852" ind1=" " ind2=" ">
   <subfield code="a">INST</subfield>
   <subfield code="b">UNIPILB</subfield>
   <subfield code="c">SERIALS</subfield>
   <subfield code="e">20090720</subfield>
   <subfield code="h">Αλφαβητική σειρά</subfield>
   <subfield code="p">64436</subfield>
   <subfield code="q">64436</subfield>
   <subfield code="t">NOLOAN</subfield>
   <subfield code="v">τεύχ.29:(Μήνες)Ιούν./Ιούλ.;(Έτος)2009</subfield>
   <subfield code="y">23</subfield>
  </datafield>
  <datafield tag="852" ind1=" " ind2=" ">
   <subfield code="a">INST</subfield>
   <subfield code="b">UNIPILB</subfield>
   <subfield code="c">SERIALS</subfield>
   <subfield code="e">20090921</subfield>
   <subfield code="h">Αλφαβητική σειρά</subfield>
   <subfield code="p">64693</subfield>
   <subfield code="q">64693</subfield>
   <subfield code="t">NOLOAN</subfield>
   <subfield code="v">τεύχ.30:(Μήνας)Αύγουστος;(Έτος)2009</subfield>
   <subfield code="y">23</subfield>
  </datafield>
  <datafield tag="852" ind1=" " ind2=" ">
   <subfield code="a">INST</subfield>
   <subfield code="b">UNIPILB</subfield>
   <subfield code="c">SERIALS</subfield>
   <subfield code="e">20091020</subfield>
   <subfield code="h">Αλφαβητική σειρά</subfield>
   <subfield code="p">65025</subfield>
   <subfield code="q">65025</subfield>
   <subfield code="t">NOLOAN</subfield>
   <subfield code="v">τεύχ.31:(Μήνας)Σεπτέμβριος;(Έτος)2009</subfield>
   <subfield code="y">23</subfield>
  </datafield>
  <datafield tag="852" ind1=" " ind2=" ">
   <subfield code="a">INST</subfield>
   <subfield code="b">UNIPILB</subfield>
   <subfield code="c">SERIALS</subfield>
   <subfield code="e">20091118</subfield>
   <subfield code="h">Αλφαβητική σειρά</subfield>
   <subfield code="p">65384</subfield>
   <subfield code="q">65384</subfield>
   <subfield code="t">NOLOAN</subfield>
   <subfield code="v">τεύχ.32:(Μήνας)Οκτώβριος;(Έτος)2009</subfield>
   <subfield code="y">23</subfield>
  </datafield>
  <datafield tag="852" ind1=" " ind2=" ">
   <subfield code="a">INST</subfield>
   <subfield code="b">UNIPILB</subfield>
   <subfield code="c">SERIALS</subfield>
   <subfield code="e">20091214</subfield>
   <subfield code="h">Αλφαβητική σειρά</subfield>
   <subfield code="p">65839</subfield>
   <subfield code="q">65839</subfield>
   <subfield code="t">NOLOAN</subfield>
   <subfield code="v">τεύχ.33:(Μήνας)Νοέμβριος;(Έτος)2009</subfield>
   <subfield code="y">23</subfield>
  </datafield>
  <datafield tag="852" ind1=" " ind2=" ">
   <subfield code="a">INST</subfield>
   <subfield code="b">UNIPILB</subfield>
   <subfield code="c">SERIALS</subfield>
   <subfield code="e">20100910</subfield>
   <subfield code="h">Αλφαβητική σειρά</subfield>
   <subfield code="p">69816</subfield>
   <subfield code="q">69816</subfield>
   <subfield code="t">NOLOAN</subfield>
   <subfield code="v">τεύχ.35:(Μήνας)Φεβρουάριος;(Έτος)2010</subfield>
   <subfield code="y">23</subfield>
  </datafield>
  <datafield tag="852" ind1=" " ind2=" ">
   <subfield code="a">INST</subfield>
   <subfield code="b">UNIPILB</subfield>
   <subfield code="c">SERIALS</subfield>
   <subfield code="e">20101025</subfield>
   <subfield code="h">Αλφαβητική σειρά</subfield>
   <subfield code="p">70406</subfield>
   <subfield code="q">70406</subfield>
   <subfield code="t">NOLOAN</subfield>
   <subfield code="v">τεύχ.36:(Μήνες)Αύγ.-Σεπ.;(Έτος)2010</subfield>
   <subfield code="y">23</subfield>
  </datafield>
  <datafield tag="900" ind1=" " ind2=" ">
   <subfield code="a">Τχ. 37 (Μάρτιος 2010)</subfield>
   <subfield code="b">Οφειλόμενο</subfield>
   <subfield code="c">26/10/2010</subfield>
  </datafield>
  <datafield tag="900" ind1=" " ind2=" ">
   <subfield code="a">Τχ. 13 (Ιανουάριος 2008)</subfield>
   <subfield code="b">Οφειλόμενο</subfield>
   <subfield code="c">12/05/2009</subfield>
  </datafield>
  <datafield tag="900" ind1=" " ind2=" ">
   <subfield code="a">Τχ. 20 (Αύγουστος 2008)</subfield>
   <subfield code="b">Οφειλόμενο</subfield>
   <subfield code="c">12/05/2009</subfield>
  </datafield>
  <datafield tag="900" ind1=" " ind2=" ">
   <subfield code="a">Τχ. 31 (Ιούλιος 2009)</subfield>
   <subfield code="b">Οφειλόμενο</subfield>
   <subfield code="c">11/04/2010</subfield>
  </datafield>
  <datafield tag="900" ind1=" " ind2=" ">
   <subfield code="a">Τχ. 34 (Δεκέμβριος 2009)</subfield>
   <subfield code="b">Οφειλόμενο</subfield>
   <subfield code="c">27/08/2010</subfield>
  </datafield>
  <datafield tag="950" ind1=" " ind2=" ">
   <subfield code="a">01/01/2008</subfield>
   <subfield code="c">ΚΑΖΑΣ ΜΙΧΑΛΗΣ</subfield>
   <subfield code="d">779</subfield>
  </datafield>
  <datafield tag="951" ind1=" " ind2=" ">
   <subfield code="a">Τχ. 36  (Αύγ.-Σεπ. 2010)</subfield>
   <subfield code="b">Main run</subfield>
  </datafield>
  <datafield tag="951" ind1=" " ind2=" ">
   <subfield code="a">Τχ. 14 (Φεβρουάριος 2008) - Τχ. 19 (Ιούλιος 2008)</subfield>
   <subfield code="b">Main run</subfield>
  </datafield>
  <datafield tag="951" ind1=" " ind2=" ">
   <subfield code="a">Τχ. 20 (Σεπτέμβριος 2008) - Τχ. 28 (Μάϊος 2009)</subfield>
   <subfield code="b">Main run</subfield>
  </datafield>
  <datafield tag="951" ind1=" " ind2=" ">
   <subfield code="a">Τχ. 29  (Ιούν./Ιούλ. 2009)</subfield>
   <subfield code="b">Main run</subfield>
  </datafield>
  <datafield tag="951" ind1=" " ind2=" ">
   <subfield code="a">Τχ. 30 (Αύγουστος 2009) - Τχ. 33 (Νοέμβριος 2009)</subfield>
   <subfield code="b">Main run</subfield>
  </datafield>
  <datafield tag="951" ind1=" " ind2=" ">
   <subfield code="a">Τχ. 35  (Φεβρουάριος 2010)</subfield>
   <subfield code="b">Main run</subfield>
  </datafield>
 </record>
</collection>
